| 000 | 01352nam a2200253 a 4500 | ||
|---|---|---|---|
| 001 | 997826 | ||
| 003 | AM-YEHGA | ||
| 005 | 20250618080146.0 | ||
| 008 | 160901s2016 ai a||||||||||||||0|arm|d | ||
| 020 | _a9789939519173 | ||
| 040 | _aAM-YeHGA | ||
| 041 | 0 | _aarm | |
| 100 | 1 |
_aԴեմիրճյան, Դերենիկ Կարապետի, _d1877-1956 |
|
| 245 | 1 | 0 |
_aԴատողություններ Ղարաբաղի և Նախիջևանի հարցի շուրջ : _bԽոհագրություն / _cԴ.Կ. Դեմիրճյան ; Խմբագիր՝ Կ. Վարդանյան ; Ե. Չարենցի անվան գրականության և արվեստի թանգարան ; Դերենիկ Դեմիրճյանի տուն-թանգարան. |
| 260 |
_aԵրևան : _bԱնտարես, _c2016. |
||
| 300 |
_a31 էջ : _bլուսանկ. ; _c16 սմ. |
||
| 500 | _aԳրքի թվային տարբերակը ներբեռնվել է http://artsakhlib.am կայքից: | ||
| 651 | 4 |
_aՀայաստանի Հանրապետություն _xՆերքին քաղաքականություն |
|
| 700 | 1 |
_aՎարդանյան, Կարո, _d1972- _eխմբագիր _4edt _94136 |
|
| 710 | 2 | _aԴերենիկ Դեմիրճյանի տուն-թանգարան | |
| 856 | 4 | 1 |
_uhttp://haygirk.nla.am/upload/1941-/datoxutyunner_kharabax_2016.pdf _yԿարդալ առցանց |
| 942 |
_2udc _cBK |
||
| 090 | _c569483 | ||
| 999 |
_c530761 _d530761 |
||